000
00306nam a22001337a 4500
003
SGT
082
_a
150
_b
T09H
100
_a
HERGENHAHN, B.R
245
_a
AN INTRODUCTION THE HISTORY OF PSYCHOLOGY
260
_a
AUSTRALIA
_b
WADS WORTH
_c
2009
300
_a
728
650
_a
PSYCHOLOGY
942
_2
ddc
_c
BK
999
_c
10510
_d
10510